Sociology and exile: banishment and tensional loyalties /
Guardat en:
| Autor principal: | |
|---|---|
| Format: | Text |
| Etiquetes: |
Afegir etiqueta
Sense etiquetes, Sigues el primer a etiquetar aquest registre!
|
MARC
| LEADER | 00000 a a2200000 04500 | ||
|---|---|---|---|
| 001 | 48685 | ||
| 003 | |||
| 040 | |||
| 100 | |a Shahidian, Hammed | ||
| 245 | |a Sociology and exile: banishment and tensional loyalties / |c Hammed Shahidian | ||
| 773 | |g volumen 48, número 2, (2000), páginas 71-99 | ||
| 999 | |c 30715 |d 30715 | ||
